| 000 | 00484nam a22001817a 4500 | ||
|---|---|---|---|
| 003 | OSt | ||
| 008 | 230302b |||||||| |||| 00| 0 eng d | ||
| 020 | _a8170224527 | ||
| 020 | _a9788170224525 | ||
| 041 | _aeng | ||
| 082 |
_a664.949 _bGOP/FI |
||
| 245 | _aFish Packaging technology: materials and methods | ||
| 260 |
_aNew Delhi _bConcept publishing company _c1993 |
||
| 300 | _a220p | ||
| 700 |
_aGopakumar, K (Editor) _92087 |
||
| 700 |
_aDehadrai (foreword) _92088 |
||
| 942 | _cBK | ||
| 999 |
_c14854 _d14854 |
||